000 00845nam a2200265Ia 4500
001 Para_516
003 CHAP
008 220125s1989 xx 000 0 und d
010 _a199271
040 _cCHAP
082 _aPA 634.1198 F7
100 _aFridlund, Paul R., ed.
_9164563
245 _aVirus and viruslike diseases of pome fruits and simulating noninfectious disorders /
_c ed. by Paul R. Fidlund
260 _aWashington, D.C. :
_b College of Agriculture and Home Economics Washington State University
300 _a330 p.
650 _aManzana
_x enfermedades por virus
_970766
650 _aPera
_x enfermedades por virus
_986971
901 _aPA 634.1198 F7
902 _aA
905 _a0000001989 a 0000000000 00
910 _a1989
942 _cPARA
942 _cPARA
_d1
999 _c199271
_d199271